000 00773nam a2200265Ia 4500
003 GCL
008 140319s9999 xx 000 0 ara d
040 _aGCL /
_cGCL
082 0 4 _a327.620569
_bم ك
100 1 _aمحمود فوزى
245 1 0 _aكامب ديفيد فى عقل وزراء خارجية مصر /
_cمحمود فوزى
260 _a[S.N] :
_bمكتبة مدبولى
300 _a338 ص
490 _a
650 0 4 _aالعصر الحديث
650 0 4 _aمصر
650 0 4 _aتاريخ
650 0 4 _aاسرائيل
650 0 4 _aالعلاقات الخارجية
650 0 4 _aاتفاقيات كامب ديفيد
650 0 4 _aالدبلوماسيون
650 0 4 _aرجال الدولة
650 0 4 _aالوزراء
942 _2ddc
_cBK
999 _c56044
_d56044